[Notebook containing press cuttings on auctions] (Record no. 116761)

MARC details
000 -LEADER
fixed length control field 00697ctm a22002055a 4500
001 - CONTROL NUMBER
control field L141699
008 - FIXED-LENGTH DATA ELEMENTS--GENERAL INFORMATION
fixed length control field 071213i19181925xxk eng u
035 ## - SYSTEM CONTROL NUMBER
System control number (Sirsi) u141699
041 0# - LANGUAGE CODE
Language code of text/sound track or separate title eng
110 2# - MAIN ENTRY--CORPORATE NAME
Corporate name or jurisdiction name as entry element Auctioneers' Institute of the United Kingdom
9 (RLIN) 3785
245 01 - TITLE STATEMENT
Title [Notebook containing press cuttings on auctions]
Medium [manuscript]
260 ## - PUBLICATION, DISTRIBUTION, ETC.
Date of publication, distribution, etc. 1918-1935
300 ## - PHYSICAL DESCRIPTION
Extent 1 v.
Dimensions 21 cm.
340 ## - PHYSICAL MEDIUM
Material base and configuration Printed and manuscript
351 ## - ORGANIZATION AND ARRANGEMENT OF MATERIALS
Hierarchical level Single item
500 ## - GENERAL NOTE
General note Notebook contains press cuttings and manuscript notes on the subject of auctions.
651 4# - SUBJECT ADDED ENTRY--GEOGRAPHIC NAME
Geographic name United Kingdom
Chronological subdivision
690 ## - LOCAL SUBJECT ADDED ENTRY--TOPICAL TERM (OCLC, RLIN)
Topical term or geographic name as entry element PROPERTY-ACQUISITION AND DISPOSAL OF PROPERTY-ACQUISITION AND DISPOSAL AT AUCTION
942 ## - ADDED ENTRY ELEMENTS (KOHA)
Suppress in OPAC 0
Holdings
Withdrawn status Lost status Source of classification or shelving scheme Damaged status Not for loan Home library Current library Shelving location Date acquired Total Checkouts Full call number Barcode Date last seen Copy number Price effective from Koha item type
    Dewey Decimal Classification     London London Basement 13/12/2007   BASEMENT BOX 5 141699-1001 06/08/2019 1 06/08/2019 Archive